| 000 | 00529nam a22001817a 4500 | ||
|---|---|---|---|
| 999 |
_c193832 _d193832 |
||
| 005 | 20221117142855.0 | ||
| 010 | _aENG-135704 | ||
| 020 |
_a9789385606076 _c350.00 |
||
| 035 | _aEN-119236 | ||
| 037 | _bDBAD/PUB | ||
| 082 | _a956.914 | ||
| 100 | _aSuad Amiry | ||
| 245 |
_aMy Damascus/ _cSuad Amiry |
||
| 260 |
_aNew Delhi _bWomen unlimited(an associate of Kali for Women) _c2016 |
||
| 270 |
_a7/10, FF, Sarvapriya Vihar _bNew Delhi _e110016 |
||
| 300 |
_a203p. _c22cm(pbk) |
||
| 942 |
_2ddc _cEN _mSUA _h956.914 |
||